000 00296nam a22001337a 4500
008 170704b xxu||||| |||| 00| 0 eng d
020 _a9780065003024
041 _aeng
080 _a82
100 _a22
101 _aGJL
245 _aTHE ADVSNCED WRITER
_cGREENBERG.K.L
942 _2udc
_cBK
999 _c19901
_d19901